Strengh of materials (mechanics of solids) : si units

Bibliographic Details
Main Author: Khurmi, R.S
Format: Book
Published: New Delhi : S. Chand & Company , 2007
Subjects:

MARC

LEADER 00000cam a2200000 7i4500
001 0000039032
005 20131204.0
008 131204
020 |a 8121928222 
090 0 0 |a 620.1   |b KHU 
100 1 |a Khurmi, R.S 
245 1 0 |a Strengh of materials (mechanics of solids) :   |b si units   |c R.S. Khurmi 
260 |a New Delhi :   |b S. Chand & Company ,   |c 2007 
650 0 |a Strength of materials   |x Si units 
999 |a 0001257155   |b Book   |c Adult Collection   |e Perbadanan Perpustakaan Awam Johor